Biblioteka Instytutu Północnego w Olsztynie

Królowe polskie na łowach / (Rekord nr 27409)

Szczegóły MARC
000 -Nagłówek
fixed length control field 02135cam a2200613 i 4500
001 - Nr kontrolny bibl., która utworzyła rek.
control field zz2004801017
003 - Siglum bibl., której nr kontr. jest w 001
control field NUKAT
005 - Data i czas ostatniej operacji
control field 20260401123911.0
008 - Elementy pola stałej długości
fixed length control field 040126s2000 pl a |000 0 pol c
020 ## - ISBN
ISBN 8390479842
dopowiedzenie (oprawa miękka)
035 ## - Systemowy numer kontrolny
systemowy numer kontrolny (OCoLC)830219968
035 ## - Systemowy numer kontrolny
systemowy numer kontrolny (NUKAT)zz2004801017
040 ## - Instytucja sporządzająca opis
Instytucja, która sporządziła opis OLSZT 003/BK
język katalgowania-trzyzn. kod pol
zasady opisu rda
Instytucja, która sporządziła rekord OLSZT 003/BK
Instytucja, która zmodyfikowała rekord OLSZT 003/DK
-- OLSZT 008/bak
045 2# - Okres czasu dla zawartości
czas między r. 9999 pne a nasz. czas. d969
-- d1752
046 ## - Kod rodz. daty, data1, data2 (daty pne)
Begin/single date 2000
100 1# - Hasło główne-nazwa osobowa
Nazwa osobowa Sałuda, Bronisław
Daty biograficzne (1927-2019).
rodzaj współpracy Autor
9 (RLIN) 31561
245 10 - Tytuł właściwy i oznaczenie odpow.
tytuł Królowe polskie na łowach /
dod. inf. ze s. tyt./ozn. odpow. Bronisław Sałuda ; ilustrowała Wilga Badowska.
250 ## - Oznaczenie wydania
oznaczenie wydania Wydanie pierwsze.
260 ## - Adres wydawniczy
miejsce wydania, dystrybucji itp. Olsztyn :
nazwa wydawcy, dystrybutora itp. Oficyna Druków Niskonakładowych,
data wydania, dystrybucji itp. 2000.
300 ## - Opis fizyczny
objętość i/lub forma materiału 82, [6] stron :
inne szczegóły opisu fizycznego ilustracje ;
format 16 cm.
336 ## - Content Type
Term Tekst
Code txt
Source rdacontent
337 ## - Media Type
Term Bez urządzenia pośredniczącego
Code n
Source rdamedia
338 ## - Carrier Type
Term Wolumin
Code nc
Source rdacarrier
380 ## - Form of work
Form of work Książki
380 ## - Form of work
Form of work Publikacje popularnonaukowe
388 1# - TIME PERIOD OF CREATION
Time period of creation term 1901-2000
388 1# - TIME PERIOD OF CREATION
Time period of creation term 1989-2000
504 ## - Uwaga o bibliografii
uwaga o bibliografii Bibliografia na stronie [86].
648 #7 - SUBJECT ADDED ENTRY--CHRONOLOGICAL TERM
Chronological term 1001-1100
Source of heading or term DBN
9 (RLIN) 37677
648 #7 - SUBJECT ADDED ENTRY--CHRONOLOGICAL TERM
Chronological term 1101-1200
Source of heading or term DBN
9 (RLIN) 36862
648 #7 - SUBJECT ADDED ENTRY--CHRONOLOGICAL TERM
Chronological term 1201-1300
Source of heading or term DBN
9 (RLIN) 36031
648 #7 - SUBJECT ADDED ENTRY--CHRONOLOGICAL TERM
Chronological term 1301-1400
Source of heading or term DBN
9 (RLIN) 35871
648 #7 - SUBJECT ADDED ENTRY--CHRONOLOGICAL TERM
Chronological term 1401-1500
Source of heading or term DBN
9 (RLIN) 36030
648 #7 - SUBJECT ADDED ENTRY--CHRONOLOGICAL TERM
Chronological term 1501-1600
Source of heading or term DBN
9 (RLIN) 36032
648 #7 - SUBJECT ADDED ENTRY--CHRONOLOGICAL TERM
Chronological term 1601-1700
Source of heading or term DBN
9 (RLIN) 36034
648 #7 - SUBJECT ADDED ENTRY--CHRONOLOGICAL TERM
Chronological term 1701-1800
Source of heading or term DBN
9 (RLIN) 36035
648 #7 - SUBJECT ADDED ENTRY--CHRONOLOGICAL TERM
Chronological term 901-1000
Source of heading or term DBN
9 (RLIN) 37680
650 #7 - Hasło przedmiotowe-nazwa pospolita
nazwa pospolita lub geogr. Kobieta
źródło hasła DBN
9 (RLIN) 35125
650 #7 - Hasło przedmiotowe-nazwa pospolita
nazwa pospolita lub geogr. Łowiectwo
źródło hasła DBN
9 (RLIN) 39390
650 #7 - Hasło przedmiotowe-nazwa pospolita
nazwa pospolita lub geogr. Władcy i władczynie
źródło hasła DBN
9 (RLIN) 35698
650 #7 - Hasło przedmiotowe-nazwa pospolita
nazwa pospolita lub geogr. Królowie i władcy
określnik geograficzny Polska
określnik formy anegdoty.
źródło hasła kaba
9 (RLIN) 39395
650 #7 - Hasło przedmiotowe-nazwa pospolita
nazwa pospolita lub geogr. Polowanie
określnik geograficzny Polska
określnik rzeczowy historia
określnik formy anegdoty.
źródło hasła kaba
9 (RLIN) 39396
651 #7 - Hasło przedmiotowe-nazwa geogr.
nazwa geograficzna Polska
źródło hasła DBN
9 (RLIN) 35076
655 #7 - Termin określający rodzaj/formę
rodzaj/forma Wydawnictwa popularne
źródło terminu DBN
9 (RLIN) 35845
658 ## - Nazwa określająca cel programu nauczania
główny cel programu nauczania Biologia
658 ## - Nazwa określająca cel programu nauczania
główny cel programu nauczania Historia
658 ## - Nazwa określająca cel programu nauczania
główny cel programu nauczania Polityka, politologia, administracja publiczna
658 ## - Nazwa określająca cel programu nauczania
główny cel programu nauczania Rolnictwo i leśnictwo
658 ## - Nazwa określająca cel programu nauczania
główny cel programu nauczania Socjologia i społeczeństwo
700 1# - Hasło dodatkowe - nazwa osobowa
nazwa osobowa Badowska, Wilga.
rodzaj współpracy Ilustracje
9 (RLIN) 39394
710 2# - Hasło dodatkowe - nazwa ciała zbior.
nazwa ciała zbior. lub nazwa geogr. Oficyna Druków Niskonakładowych.
rodzaj współpracy Wydawca
kod rodzaju współpracy pbl
9 (RLIN) 37673
920 ## - ISBN
ISBN 83-904798-4-2 (oprawa miękka)
942 ## - ADDED ENTRY ELEMENTS (KOHA)
Source of classification or shelving scheme Dewey Decimal Classification
Koha item type pozycje dostępne na miejscu
Egzemplarze
Status wycofania Status zagubienia Klasyfikacja Status uszkodzenia Blokada wypożyczeń Kolekcja Lokalizacja macierzysta Lokalizacja bieżąca Data nabycia Numer akcesji Źródło akcesji Cena Nr inwentarzowy il. wypożyczeń Sygnatura Kod kreskowy Date last seen Price effective from Typ egz.
    Dewey Decimal Classification nieuszkodzona   książka w magazynie Biblioteka Instytutu Północnego w Olsztynie Biblioteka Instytutu Północnego w Olsztynie 08/11/2019 D-36/2019 dar 13.00 59826   59826 IPWK21525 01/04/2026 01/04/2026 pozycje dostępne na miejscu
Biblioteka Instytutu Północnego, ul. Partyzantów 87, 10-402 Olsztyn, email: biblioteka(at)ip.olsztyn.pl